Аренда в промышленности: формы, методы, перспективы

Dades bibliogràfiques
Autor principal: Клейман Б. Е.
Altres autors: Копейкин Г. К.
Sumari:Исключено из фонда НТБ ТПУ
Idioma:rus
Publicat: Ленинград, Лениздат, 1990
Format: MixedMaterials Llibre
KOHA link:https://koha.lib.tpu.ru/cgi-bin/koha/opac-detail.pl?biblionumber=247164

MARC

LEADER 00000nam0a2200000 4500
001 247164
005 20231031212004.0
010 |a 5289008799 
035 |a (RuTPU)RU\TPU\book\268639 
090 |a 247164 
100 |a 20131217d1990 km y0rusy50 ca 
101 0 |a rus 
102 |a RU 
105 |a y z 000zy 
200 1 |a Аренда в промышленности  |e формы, методы, перспективы  |f Б. Е. Клейман, Г. К. Копейкин 
210 |a Ленинград  |c Лениздат  |d 1990 
215 |a 144 с. 
333 |a Исключено из фонда НТБ ТПУ 
700 1 |a Клейман  |b Б. Е. 
701 1 |a Копейкин  |b Г. К. 
801 1 |a RU  |b 63413507  |c 20131217 
801 2 |a RU  |b 63413507  |c 20210227  |g RCR 
942 |c BK